| 000 | 00899nam a2200229Ia 4500 | ||
|---|---|---|---|
| 001 | 16718 | ||
| 003 | GE_BSU | ||
| 008 | 181216s||||||||xx |||||||||||||| ||und|| | ||
| 040 | _cGE_BSU | ||
| 080 | _a821.161.1.092 | ||
| 100 | _aზლატკინი, მ. | ||
| 245 | _aროცა წიგნი ხალხებს აახლოებს | ||
| 245 | _bეპისტოლარული წერილები | ||
| 245 | _cგ. მარგველაშვილის წინასიტყვ. | ||
| 260 | _aთბილისი | ||
| 260 | _bმერანი | ||
| 260 | _c1975 | ||
| 300 | _a242გვ. : 20 ფ. ილ. ; 21სმ. | ||
| 653 | _aროცა წიგნი ხალხებს აახლოებს | ||
| 653 | _aრუსულ-ქართული ლიტერატურული ურთიერთობები; | ||
| 942 | _cBK | ||
| 999 |
_c49783 _d49783 |
||